Fourth wing signets - Statistics

General Stats
  • This quiz has been taken 212 times
  • The average score is 6 of 15
Answers on the Grid
Answers color-coded by a green-red scale on the quiz's grid according to % correct below.
Light wielder
Shadow wielder
Blood wielder
Lightning wielder
Mender
Camuflage
Precognition
Pain manipulation
Agrarian
Resurection
Water wielding
Shape shifting
Retrocogniton
Innvisibility
Poison maker
Corpse control
Countering signets
Siphon
Fear infliction
Memory manipulation
Storm wielding
Underwater breathing
Sound manipulation
Flying
Extending wards
Telekenisis
Dream walker
Signet stealer
Truth sayer
Slowing time
 
Answer Stats
Answer % Correct
Shadow wielder
90%
Lightning wielder
78%
Mender
71%
Precognition
52%
Siphon
48%
Storm wielding
48%
Water wielding
40%
Countering signets
36%
Dream walker
36%
Extending wards
35%
Memory manipulation
30%
Retrocogniton
30%
Truth sayer
25%
Agrarian
11%
Underwater breathing
11%
No matching quizzes found
Score Distribution
Percent of People with Each Score
Percentile by Number Answered
Your Score History
You have not taken this quiz